| 000 | 00352nam a2200145Ia 4500 | ||
|---|---|---|---|
| 008 | 230917s9999||||xx |||||||||||||| ||und|| | ||
| 040 |
_e142109 _aMAIN |
||
| 041 | _aEnglish | ||
| 082 | _a780.5 S58S | ||
| 100 | _aGarg, Prabhulal | ||
| 245 | 0 | _aSangeet khamaj That ank | |
| 260 |
_aHathras _bSangeet Karyalaya _c1956 |
||
| 300 | _a168p p. | ||
| 942 | _cBK | ||
| 999 |
_c52123 _d52123 |
||